000
00310nam a22001337a 4500
003
SGT
020
_a
9781304907349
082
_a
306.768
_b
ROY
100
_a
ROY KRISHENDU
245
_a
LGBTQIA COMMUNITY AND HUMAN RIGHTS
260
_a
LONDON
_b
INFINITY PUBLICATION
_c
2023
300
_a
274
942
_2
ddc
_c
BK
_0
1
999
_c
28743
_d
28743